Texture in food

Discusses how consumers experience texture when they eat and explores how texture of particular foods can be better understood and improved.

Đã lưu trong:
书目详细资料
格式: 图书
语言:Undetermined
出版: U.S. CRC 2004
主题:
标签: 添加标签
没有标签, 成为第一个标记此记录!
Thư viện lưu trữ: Trung tâm Học liệu Trường Đại học Cần Thơ
LEADER 00606nam a2200193Ia 4500
001 CTU_98017
008 210402s9999 xx 000 0 und d
020 |c 186.50 
082 |a 664 
082 |b T355/Vol.2 
245 0 |a Texture in food 
245 0 |c Edited by David Kilcast 
260 |a U.S. 
260 |b CRC 
260 |c 2004 
520 |a Discusses how consumers experience texture when they eat and explores how texture of particular foods can be better understood and improved. 
650 |a Food industry and trade 
904 |i Minh 
980 |a Trung tâm Học liệu Trường Đại học Cần Thơ